000 00683nam a2200217Ia 4500
003 GCL
008 140319s9999 xx 000 0 ara d
040 _aGCL /
_cGCL
082 0 4 _a327.12
_bا ا
100 1 _aاحمد عزالدين
245 1 0 _aاحمد كامل يتذكر: من اوراق رئيس المخابرات المصرية الاسبق /
_cاحمد عزالدين
260 _a[S.N] :
_bدار الهلال للطباعة والنشر
300 _a224 ص
490 _a
650 0 4 _aمصر
650 0 4 _aتاريخ
650 0 4 _aالاحوال السياسية
650 0 4 _aالمخابرات
650 0 4 _aجمال عبدالناصر
942 _2ddc
_cBK
999 _c27781
_d27781